000 00996nam a2200193 i 4500
001 bg
245 1 0 _aKomentarz do tabeli klas gruntów :
_bw zakresie bonitacji gleb gruntów ornych terenów równinowych, wyżynnych i nizinnych wraz z regionalnymi instrukcjami dotyczącymi bonitacji gleb ornych terenów górzystych i komentarzami dotyczącymi bonitacji gleb użytków zielonych i gleb pod lasami dla użytku klasyfikatorów gleb i pracowników kartografii gleb - IUNG /
_cMinsterstwo Rolnictwa.
260 _aPuławy :
_bInstytut Uprawy Nawożenia i Gleboznawstwa,
_c2004.
300 _a464 s. ;
_c17 cm.
500 _aRepr. wykonany w Instytucie Uprawy Nawożenia i Gleboznawstwa w Puławach w 2004 r. w uzgodnieniu z Ministerstwem Rolnictwa i Rozwoju Wsi.
650 9 _aGleby
_xklasyfikacja
710 2 _aPolska
_bMinisterstwo Rolnictwa i Rozwoju Wsi
040 _cBPK
041 0 _apol
044 _aPOL
080 _a631.4
942 _cKS
008 s pl f |000 0 pol
999 _c55455
_d55455
856 _uhttp://koha.tu.koszalin.pl/cgi-bin/koha/opac-detail.pl?biblionumber=55455
_yKatalog online BPK